000 00559nam a22001697a 4500
999 _c60534
_d60534
005 20230815102930.0
008 230815s1988 gw ||||| |||| 00| 0 ger d
020 _a388609299
041 _ager
080 _a069 A-62
245 _aAntikenmuseum Berlin:
_bdie ausgestellten Werke /
_cWolf-Dieter Heilmeyer.
264 _aBerlin,
_c1988.
300 _a402 p. :
_bill.;
_c22 cm.
653 _aსიძველეთა მუზეუმი ბერლინში
700 _aHeilmeyer Wolf-Dieter
_eრედაქტორი
_919675
942 _2udc
_cBK